00529 2200169 4500001002100000005001500021035002000036245007600056100002100132250002000153300005400173700003800227260004600265082001000311084001600321020002200337INLIS00000000114593320260120124330 a0010-01260000091 aPanduan Praktikum Keperawatan Maternitas :bPanduan /cAnik Puji Rahayu0 aAnik Puji Rahayu acetakan pertama avi,182 halaman :bilustrasi ;c14 x 21 cmekertas0 aDesain Cover;Herlambang Ramhadani aYogyakarta :bdeepublish Publisher,c2019 a618.2 a618.2 ANI p a978-602-401-445-2